[Event "DVM U10 2016"]
[Site "Magdeburg GER"]
[Date "2016.12.28"]
[Round "3"]
[White "Stockmann, Pit"]
[Black "Eschweiler, Mattes"]
[Result "0-1"]
[Termination "normal"]
[Board "28.3"]
[WhiteElo "735"]
[BlackElo "889"]
[WhiteTeam "VfL Gräfenhainichen"]
[BlackTeam "SG Niederkassel"]
[PlyCount "66"]
[WhiteFideId "16247000"]
[EventCountry "GER"]
[EventRounds "7"]
[EventType "team-swiss"]
[EventDate "2016.12.27"]

1. e4 e5 2. Nf3 Nc6 3. Nc3 Bb4 4. d3 d6 5. Bd2 Bg4 6. Be2 Nf6 7. O-O O-O 8. Bg5
h6 9. Bh4 Bxc3 10. bxc3 a6 11. Bg3 Qe7 12. Qd2 b5 13. a3 Rad8 14. Qe3 Rfe8 15.
d4 d5 16. exd5 Nxd5 17. Qe4 Nf6 18. Qd3 e4 19. Qd1 exf3 20. gxf3 Bh3 21. Re1
Nh5 22. Bd3 Qd7 23. Rxe8+ Rxe8 24. Qd2 Re7 25. Re1 Qe8 26. Rxe7 Qxe7 27. Qe2
Nf6 28. Bh4 Qxa3 29. Bxf6 Qa1+ 30. Qf1 Bxf1 31. Bxf1 gxf6 32. Kg2 a5 33. Bxb5
Ne7 0-1

[Event "DVM U10 2016"]
[Site "Magdeburg GER"]
[Date "2016.12.28"]
[Round "3"]
[White "Eschweiler, Charlotte"]
[Black "Kuhlmann, Nils Magnus"]
[Result "1-0"]
[Termination "normal"]
[Board "28.4"]
[WhiteElo "767"]
[BlackElo "600"]
[WhiteTeam "SG Niederkassel"]
[BlackTeam "VfL Gräfenhainichen"]
[PlyCount "25"]
[BlackFideId "16287177"]
[EventCountry "GER"]
[EventRounds "7"]
[EventType "team-swiss"]
[EventDate "2016.12.27"]

1. e4 e5 2. Bc4 Nf6 3. Nc3 Nxe4 4. Nxe4 d5 5. Bb3 dxe4 6. Qh5 Qe7 7. d3 exd3 8.
cxd3 Be6 9. Ba4+ Nc6 10. Bg5 g6 11. Qh4 Qb4+ 12. Kf1 Qxa4 13. Qxa4 1-0

[Event "DVM U10 2016"]
[Site "Magdeburg GER"]
[Date "2016.12.28"]
[Round "3"]
[White "Schilay, Vinzenz"]
[Black "Behr, Julian"]
[Result "0-1"]
[Termination "normal"]
[Board "29.1"]
[WhiteElo "918"]
[BlackElo "1023"]
[WhiteTeam "SK Neumarkt"]
[BlackTeam "SC Landskrone"]
[PlyCount "69"]
[WhiteFideId "12983209"]
[BlackFideId "16255410"]
[EventCountry "GER"]
[EventRounds "7"]
[EventType "team-swiss"]
[EventDate "2016.12.27"]

1. e4 e5 2. Nf3 Nc6 3. Nc3 Bb4 4. a3 Ba5 5. b4 Bb6 6. Be2 Nf6 7. d3 d6 8. b5
Nd4 9. Nxd4 Bxd4 10. Bd2 Be6 11. O-O O-O 12. Kh1 h6 13. f4 d5 14. f5 Bc8 15.
Rc1 Bxc3 16. Bxc3 Re8 17. h3 b6 18. Qd2 Bb7 19. Rf2 dxe4 20. dxe4 Nxe4 21. Qxd8
Nxf2+ 22. Kg1 Nxh3+ 23. gxh3 Raxd8 24. a4 f6 25. Bh5 Re7 26. Bb4 Red7 27. Ba3
Rd4 28. Rb1 Rxa4 29. Be7 Rd2 30. Bb4 Rd4 31. c3 Rd3 32. Bg4 Bf3 33. Bxf3 Rxf3
34. Kg2 Rxf5 35. Rd1 0-1

[Event "DVM U10 2016"]
[Site "Magdeburg GER"]
[Date "2016.12.28"]
[Round "3"]
[White "Kinsky, Leonhard"]
[Black "Franke, Leonhard"]
[Result "1-0"]
[Termination "normal"]
[Board "29.2"]
[WhiteElo "929"]
[BlackElo "773"]
[WhiteTeam "SC Landskrone"]
[BlackTeam "SK Neumarkt"]
[PlyCount "93"]
[WhiteFideId "16255429"]
[BlackFideId "34644806"]
[EventCountry "GER"]
[EventRounds "7"]
[EventType "team-swiss"]
[EventDate "2016.12.27"]

1. e4 e5 2. Nf3 Nc6 3. d4 exd4 4. Nxd4 Bb4+ 5. Nc3 Nxd4 6. Qxd4 Bxc3+ 7. Qxc3
d6 8. Qxg7 Qf6 9. Qxf6 Nxf6 10. f3 Bd7 11. Bg5 Nh5 12. g4 Rg8 13. Bh4 Nf4 14.
Bg3 Ne6 15. O-O-O O-O-O 16. Bh4 Rde8 17. Bc4 Rg6 18. Rd3 Nf4 19. Bxf7 Nxd3+ 20.
cxd3 Reg8 21. Bxg8 Rxg8 22. Bf2 Bb5 23. Rd1 Rf8 24. Kc2 Rxf3 25. Bxa7 b6 26. b3
Kb7 27. a4 Bd7 28. Bxb6 cxb6 29. Rg1 Rf4 30. g5 Rf8 31. h4 b5 32. g6 hxg6 33.
Rxg6 bxa4 34. Rxd6 axb3+ 35. Kxb3 Kc7 36. e5 Re8 37. d4 Be6+ 38. Kb4 Bg4 39.
Kc5 Re6 40. Rxe6 Bxe6 41. h5 Kd7 42. h6 Bf5 43. d5 Ke7 44. e6 Kd8 45. Kd6 Ke8
46. Ke5 Bh7 47. Kf6 1-0

[Event "DVM U10 2016"]
[Site "Magdeburg GER"]
[Date "2016.12.28"]
[Round "3"]
[White "Hierl, Andreas"]
[Black "Püschel-Esparza, Mateo"]
[Result "1-0"]
[Termination "normal"]
[Board "29.3"]
[WhiteElo "600"]
[BlackElo "787"]
[WhiteTeam "SK Neumarkt"]
[BlackTeam "SC Landskrone"]
[PlyCount "51"]
[WhiteFideId "34660496"]
[EventCountry "GER"]
[EventRounds "7"]
[EventType "team-swiss"]
[EventDate "2016.12.27"]

1. Nf3 d6 2. e4 Nf6 3. Nc3 g6 4. d4 Bg7 5. Bc4 O-O 6. O-O Re8 7. Bf4 Bg4 8. Qd3
Nc6 9. Ng5 Rf8 10. Nb5 Bh6 11. Qg3 a6 12. Nc3 Nxd4 13. Rfd1 Bxd1 14. Rxd1 Nxc2
15. e5 Bg7 16. exf6 Bxf6 17. Nge4 Bg7 18. Qh3 h5 19. Qh4 e5 20. Bg5 Qe8 21. Bf6
b5 22. Bxg7 Kxg7 23. Qf6+ Kg8 24. Qxg6+ Kh8 25. Qh6+ Kg8 26. Ng5 1-0

[Event "DVM U10 2016"]
[Site "Magdeburg GER"]
[Date "2016.12.28"]
[Round "3"]
[White "Kalina, Emil"]
[Black "Thieme, Simon"]
[Result "1-0"]
[Termination "normal"]
[Board "29.4"]
[WhiteElo "727"]
[BlackElo "600"]
[WhiteTeam "SC Landskrone"]
[BlackTeam "SK Neumarkt"]
[PlyCount "23"]
[EventCountry "GER"]
[EventRounds "7"]
[EventType "team-swiss"]
[EventDate "2016.12.27"]

1. e4 e5 2. Nf3 Nc6 3. Bc4 Nf6 4. Ng5 Bb4 5. Nxf7 Rf8 6. Nxd8 Nxd8 7. O-O d6 8.
Bb5+ c6 9. Bd3 Ng4 10. f3 Nh6 11. c3 Ba5 12. Qa4 {nicht mehr nachvollziehbar}
1-0

[Event "DVM U10 2016"]
[Site "Magdeburg GER"]
[Date "2016.12.28"]
[Round "3"]
[White "Guo, Philipp Ziming"]
[Black "Möller, Maurin"]
[Result "1/2-1/2"]
[Termination "normal"]
[Board "30.1"]
[WhiteElo "906"]
[BlackElo "894"]
[WhiteTeam "TuRa Harksheide Norderstedt"]
[BlackTeam "SK Blauer Springer Paderborn"]
[PlyCount "60"]
[WhiteFideId "16245199"]
[BlackFideId "16265696"]
[EventCountry "GER"]
[EventRounds "7"]
[EventType "team-swiss"]
[EventDate "2016.12.27"]

1. e4 e5 2. Nf3 Nc6 3. d4 exd4 4. Nxd4 Nxd4 5. Qxd4 Nf6 6. Nc3 b6 7. Bc4 Bc5 8.
Qd1 Bb7 9. Nd5 Bxd5 10. Bxd5 Nxd5 11. Qxd5 O-O 12. O-O c6 13. Qd3 a5 14. Qg3
Qf6 15. e5 Qg6 16. Qxg6 fxg6 17. Bd2 Rae8 18. Rae1 Bd4 19. Bc3 Bxc3 20. bxc3
Rf5 21. f4 g5 22. g3 gxf4 23. gxf4 Kf7 24. Kg2 Kg6 25. Kg3 Kh5 26. Rf3 d6 27.
e6 Kg6 28. Rd3 d5 29. c4 b5 30. cxb5 cxb5 1/2-1/2

[Event "DVM U10 2016"]
[Site "Magdeburg GER"]
[Date "2016.12.28"]
[Round "3"]
[White "Lewkowicz, David"]
[Black "Rößl, Sara"]
[Result "0-1"]
[Termination "normal"]
[Board "30.2"]
[WhiteElo "600"]
[BlackElo "728"]
[WhiteTeam "SK Blauer Springer Paderborn"]
[BlackTeam "TuRa Harksheide Norderstedt"]
[PlyCount "44"]
[BlackFideId "16255828"]
[EventCountry "GER"]
[EventRounds "7"]
[EventType "team-swiss"]
[EventDate "2016.12.27"]

1. e3 e5 2. d3 Nc6 3. e4 Nf6 4. Bg5 d6 5. Nf3 Bg4 6. h3 Be6 7. Be2 Be7 8. O-O
O-O 9. a4 d5 10. Ra2 d4 11. c3 Bxa2 12. b4 dxc3 13. Nxc3 Nxb4 14. Qc1 Nxd3 15.
Bxd3 Qxd3 16. Rd1 Qc4 17. Nxe5 Qe6 18. Nxa2 Qxe5 19. Bxf6 Bxf6 20. g3 Qxe4 21.
Qe3 Qxe3 22. fxe3 Rfe8 0-1

[Event "DVM U10 2016"]
[Site "Magdeburg GER"]
[Date "2016.12.28"]
[Round "3"]
[White "Duong, Nhat-Minh"]
[Black "Rogalski, Niclas"]
[Result "1-0"]
[Termination "normal"]
[Board "30.3"]
[WhiteElo "847"]
[BlackElo "600"]
[WhiteTeam "TuRa Harksheide Norderstedt"]
[BlackTeam "SK Blauer Springer Paderborn"]
[PlyCount "35"]
[WhiteFideId "16245261"]
[BlackFideId "34640320"]
[EventCountry "GER"]
[EventRounds "7"]
[EventType "team-swiss"]
[EventDate "2016.12.27"]

1. e4 Nf6 2. Nc3 Nc6 3. Nf3 d6 4. Bc4 Bg4 5. h3 Bxf3 6. Qxf3 Ne5 7. Qe2 Nxc4 8.
Qxc4 g6 9. O-O Bh6 10. Re1 e6 11. d3 d5 12. exd5 O-O 13. dxe6 fxe6 14. Bxh6 Re8
15. Rxe6 Rxe6 16. Qxe6+ Kh8 17. Qf7 Ng8 18. Bg7# 1-0

[Event "DVM U10 2016"]
[Site "Magdeburg GER"]
[Date "2016.12.28"]
[Round "3"]
[White "Möller, Simon"]
[Black "Guo, Jacob Tingshen"]
[Result "0-1"]
[Termination "normal"]
[Board "30.4"]
[WhiteElo "600"]
[BlackElo "758"]
[WhiteTeam "SK Blauer Springer Paderborn"]
[BlackTeam "TuRa Harksheide Norderstedt"]
[PlyCount "36"]
[BlackFideId "16245245"]
[EventCountry "GER"]
[EventRounds "7"]
[EventType "team-swiss"]
[EventDate "2016.12.27"]

1. e4 e5 2. Bb5 Nf6 3. Nc3 Bc5 4. d4 exd4 5. Nce2 Nxe4 6. Nf4 d3 7. cxd3 Nxf2
8. Qe2+ Kf8 9. h4 Nxh1 10. Be3 Ng3 11. Qc2 Bxe3 12. Qc4 c6 13. Bxc6 dxc6 14.
Qc2 Qxh4 15. Nf3 Qxf4 16. Nd2 Qf2+ 17. Kd1 Qg1+ 18. Nf1 Qxf1# 0-1

[Event "DVM U10 2016"]
[Site "Magdeburg GER"]
[Date "2016.12.28"]
[Round "5"]
[White "Prieb, Robert"]
[Black "Gutewort, Paul Emil"]
[Result "1/2-1/2"]
[Termination "normal"]
[Board "1.1"]
[WhiteElo "1554"]
[BlackElo "1506"]
[WhiteClock "00:06:45"]
[BlackClock "00:09:23"]
[WhiteTeam "Schachakademie Paderborn 1"]
[BlackTeam "SF Nordost Berlin 1"]
[PlyCount "117"]
[WhiteFideId "16212002"]
[BlackFideId "16204182"]
[EventCountry "GER"]
[EventRounds "7"]
[EventType "team-swiss"]
[EventDate "2016.12.27"]

1. d4 {[%clk 0:59:56]} d5 {[%clk 0:59:57]} 2. c4 {[%clk 0:59:52]} e6 {[%clk
0:59:52]} 3. Nc3 {[%clk 0:59:44]} Nf6 {[%clk 0:59:46]} 4. Nf3 {[%clk 0:59:32]}
Nbd7 {[%clk 0:59:20]} 5. Bf4 {[%clk 0:59:11]} c6 {[%clk 0:58:47]} 6. e3 {[%clk
0:58:37]} Be7 {[%clk 0:58:22]} 7. c5 {[%clk 0:58:05]} O-O {[%clk 0:57:53]} 8.
Bd3 {[%clk 0:57:24]} b6 {[%clk 0:57:29]} 9. b4 {[%clk 0:57:01]} Nh5 {[%clk
0:56:56]} 10. O-O {[%clk 0:56:13]} Nxf4 {[%clk 0:56:50]} 11. exf4 {[%clk
0:56:02]} Qc7 {[%clk 0:56:16]} 12. Qd2 {[%clk 0:55:05]} a5 {[%clk 0:54:51]} 13.
a3 {[%clk 0:54:28]} bxc5 {[%clk 0:53:53]} 14. bxc5 {[%clk 0:53:14]} Ba6 {[%clk
0:53:48]} 15. Bxa6 {[%clk 0:52:03]} Rxa6 {[%clk 0:53:43]} 16. Rab1 {[%clk
0:51:47]} Raa8 {[%clk 0:53:08]} 17. Rb2 {[%clk 0:51:06]} Rfb8 {[%clk 0:51:55]}
18. Rfb1 {[%clk 0:50:20]} Nf8 {[%clk 0:50:17]} 19. Ne5 {[%clk 0:49:21]} Bf6
{[%clk 0:50:05]} 20. Na4 {[%clk 0:45:33]} Bxe5 {[%clk 0:49:25]} 21. fxe5 {[%clk
0:45:08]} Nd7 {[%clk 0:49:15]} 22. Nb6 {[%clk 0:41:20]} Nxb6 {[%clk 0:49:00]}
23. Rxb6 {[%clk 0:41:03]} h6 {[%clk 0:48:04]} 24. Qb2 {[%clk 0:39:18]} Rc8
{[%clk 0:46:52]} 25. Rb7 {[%clk 0:38:14]} Qd8 {[%clk 0:46:32]} 26. g3 {[%clk
0:37:03]} Kf8 {[%clk 0:38:42]} 27. Qb6 {[%clk 0:33:38]} Qg5 {[%clk 0:33:58]}
28. Rc7 {[%clk 0:29:00]} Qf5 {[%clk 0:29:58]} 29. Rxc8+ {[%clk 0:25:56]} Rxc8
{[%clk 0:29:42]} 30. Qb7 {[%clk 0:24:09]} Re8 {[%clk 0:27:54]} 31. Rf1 {[%clk
0:21:53]} Qd3 {[%clk 0:26:36]} 32. Qxc6 {[%clk 0:21:20]} Qxd4 {[%clk 0:26:22]}
33. Qd6+ {[%clk 0:20:47]} Kg8 {[%clk 0:25:46]} 34. Qd7 {[%clk 0:20:15]} Rf8
{[%clk 0:25:37]} 35. c6 {[%clk 0:19:26]} Qc3 {[%clk 0:24:51]} 36. c7 {[%clk
0:18:57]} Qc2 {[%clk 0:24:17]} 37. Qd8 {[%clk 0:17:16]} a4 {[%clk 0:23:36]} 38.
h3 {[%clk 0:16:10]} d4 {[%clk 0:22:41]} 39. Kh2 {[%clk 0:14:09]} d3 {[%clk
0:22:25]} 40. Kg2 {[%clk 0:13:49]} d2 {[%clk 0:21:47]} 41. Kg1 {[%clk 0:13:15]}
g6 {[%clk 0:17:53]} 42. Kh2 {[%clk 0:11:34]} d1=Q {[%clk 0:17:31]} 43. Qxd1
{[%clk 0:11:20]} Qxc7 {[%clk 0:17:25]} 44. Qxa4 {[%clk 0:11:07]} Qxe5 {[%clk
0:17:18]} 45. Qb4 {[%clk 0:10:54]} Ra8 {[%clk 0:15:28]} 46. a4 {[%clk 0:10:36]}
Kg7 {[%clk 0:14:37]} 47. Rb1 {[%clk 0:10:03]} Qf5 {[%clk 0:13:02]} 48. Kg2
{[%clk 0:09:44]} Qd5+ {[%clk 0:12:48]} 49. Kg1 {[%clk 0:09:27]} Qa5 {[%clk
0:12:20]} 50. Qxa5 {[%clk 0:08:38]} Rxa5 {[%clk 0:12:14]} 51. Rb4 {[%clk
0:08:34]} Kf6 {[%clk 0:12:09]} 52. Kf1 {[%clk 0:08:29]} Ke5 {[%clk 0:12:00]}
53. Ke2 {[%clk 0:08:27]} Kd6 {[%clk 0:11:43]} 54. Kd3 {[%clk 0:08:16]} Kc5
{[%clk 0:10:54]} 55. Kc3 {[%clk 0:08:04]} f5 {[%clk 0:09:59]} 56. Rc4+ {[%clk
0:07:53]} Kd5 {[%clk 0:09:49]} 57. Rd4+ {[%clk 0:07:12]} Kc5 {[%clk 0:09:28]}
58. Rc4+ {[%clk 0:06:54]} Kd5 {[%clk 0:09:23]} 59. Rd4+ {[%clk 0:06:45]}
1/2-1/2

[Event "DVM U10 2016"]
[Site "Magdeburg GER"]
[Date "2016.12.28"]
[Round "5"]
[White "Duduka, Artem"]
[Black "Schneider, Nils"]
[Result "1-0"]
[Termination "normal"]
[Board "1.2"]
[WhiteElo "1435"]
[BlackElo "1168"]
[WhiteClock "00:28:44"]
[BlackClock "00:02:33"]
[WhiteTeam "SF Nordost Berlin 1"]
[BlackTeam "Schachakademie Paderborn 1"]
[PlyCount "75"]
[WhiteFideId "14194805"]
[EventCountry "GER"]
[EventRounds "7"]
[EventType "team-swiss"]
[EventDate "2016.12.27"]

1. e4 {[%clk 0:59:58]} e6 {[%clk 0:59:54]} 2. d4 {[%clk 0:59:54]} d5 {[%clk
0:59:50]} 3. exd5 {[%clk 0:59:44]} exd5 {[%clk 0:59:44]} 4. Nc3 {[%clk
0:59:23]} Be6 {[%clk 0:57:40]} 5. Nf3 {[%clk 0:59:11]} Bd6 6. Be2 {[%clk
0:58:04]} Ne7 {[%clk 0:56:01]} 7. O-O {[%clk 0:57:15]} Qd7 {[%clk 0:55:49]} 8.
Re1 {[%clk 0:56:14]} Nbc6 {[%clk 0:54:25]} 9. Bb5 {[%clk 0:55:46]} h6 {[%clk
0:51:51]} 10. Ba4 {[%clk 0:54:51]} a6 {[%clk 0:49:04]} 11. a3 {[%clk 0:54:41]}
b5 {[%clk 0:48:01]} 12. Bb3 {[%clk 0:54:29]} O-O {[%clk 0:43:56]} 13. Be3
{[%clk 0:52:07]} Bg4 {[%clk 0:39:45]} 14. h3 {[%clk 0:51:25]} Be6 {[%clk
0:37:38]} 15. Qd2 {[%clk 0:51:10]} Bxh3 {[%clk 0:32:39]} 16. gxh3 {[%clk
0:41:28]} Qxh3 {[%clk 0:29:27]} 17. Qd1 {[%clk 0:40:30]} Nf5 {[%clk 0:25:30]}
18. Bxd5 {[%clk 0:38:09]} Qg4+ {[%clk 0:18:39]} 19. Kf1 {[%clk 0:36:51]} Nxe3+
{[%clk 0:13:11]} 20. Rxe3 {[%clk 0:35:51]} Rae8 {[%clk 0:12:07]} 21. Bxc6
{[%clk 0:34:52]} Rxe3 {[%clk 0:11:20]} 22. fxe3 {[%clk 0:34:17]} Qh3+ {[%clk
0:10:32]} 23. Ke2 {[%clk 0:33:48]} Qg2+ {[%clk 0:09:40]} 24. Kd3 {[%clk
0:32:57]} Qg6+ {[%clk 0:08:19]} 25. Be4 {[%clk 0:32:39]} Qe6 {[%clk 0:06:34]}
26. b3 {[%clk 0:31:56]} Re8 {[%clk 0:04:58]} 27. Qg1 {[%clk 0:31:01]} f5 {[%clk
0:04:33]} 28. Bd5 {[%clk 0:30:50]} Qxd5 {[%clk 0:04:14]} 29. Nxd5 {[%clk
0:30:45]} c5 {[%clk 0:03:50]} 30. Nf6+ {[%clk 0:30:42]} Kh8 {[%clk 0:03:44]}
31. Nxe8 {[%clk 0:30:37]} c4+ {[%clk 0:03:30]} 32. Ke2 {[%clk 0:30:33]} Bf8
{[%clk 0:03:28]} 33. bxc4 {[%clk 0:30:09]} bxc4 {[%clk 0:03:21]} 34. Qg6 {[%clk
0:29:50]} f4 {[%clk 0:03:15]} 35. Rg1 {[%clk 0:29:26]} fxe3 {[%clk 0:03:03]}
36. Qf7 {[%clk 0:28:56]} Kh7 {[%clk 0:02:45]} 37. Ng5+ {[%clk 0:28:44]} hxg5
{[%clk 0:02:33]} 38. Rh1# 1-0

[Event "DVM U10 2016"]
[Site "Magdeburg GER"]
[Date "2016.12.28"]
[Round "5"]
[White "Yin, Haode"]
[Black "Reichmann, Felix"]
[Result "1/2-1/2"]
[Termination "normal"]
[Board "1.3"]
[WhiteElo "1352"]
[BlackElo "1450"]
[WhiteClock "00:08:39"]
[BlackClock "00:35:50"]
[WhiteTeam "Schachakademie Paderborn 1"]
[BlackTeam "SF Nordost Berlin 1"]
[PlyCount "94"]
[WhiteFideId "16261348"]
[BlackFideId "16238290"]
[EventCountry "GER"]
[EventRounds "7"]
[EventType "team-swiss"]
[EventDate "2016.12.27"]

1. d4 c5 {[%clk 0:59:58]} 2. c3 {[%clk 1:00:00]} cxd4 {[%clk 0:59:54]} 3. cxd4
{[%clk 0:59:53]} Nf6 {[%clk 0:59:46]} 4. Nf3 {[%clk 0:59:46]} g6 {[%clk
0:59:34]} 5. g3 {[%clk 0:59:38]} Bg7 {[%clk 0:59:28]} 6. Bg2 {[%clk 0:59:28]}
d6 {[%clk 0:59:22]} 7. O-O {[%clk 0:59:04]} O-O {[%clk 0:59:15]} 8. e3 {[%clk
0:57:44]} Bg4 {[%clk 0:58:36]} 9. h3 {[%clk 0:56:56]} Bxf3 {[%clk 0:58:20]} 10.
Bxf3 {[%clk 0:56:39]} Nc6 {[%clk 0:58:15]} 11. Bg2 {[%clk 0:56:08]} Rc8 {[%clk
0:57:49]} 12. Bd2 {[%clk 0:55:32]} d5 {[%clk 0:57:28]} 13. Nc3 {[%clk 0:54:23]}
e6 {[%clk 0:54:24]} 14. Qe2 {[%clk 0:51:31]} Nd7 {[%clk 0:53:41]} 15. Rac1
{[%clk 0:45:14]} a6 {[%clk 0:53:27]} 16. a3 {[%clk 0:42:57]} b5 {[%clk
0:52:18]} 17. b4 {[%clk 0:42:15]} Nb6 {[%clk 0:52:06]} 18. Nb1 {[%clk 0:41:06]}
Nc4 {[%clk 0:51:49]} 19. Bc3 {[%clk 0:40:53]} Nb8 {[%clk 0:51:38]} 20. Rc2
{[%clk 0:39:19]} Nd7 {[%clk 0:51:28]} 21. Rfc1 {[%clk 0:39:06]} Ndb6 {[%clk
0:51:20]} 22. Be1 {[%clk 0:36:16]} f5 {[%clk 0:51:09]} 23. f3 {[%clk 0:34:52]}
Bh6 {[%clk 0:50:52]} 24. Bf2 {[%clk 0:34:15]} Rc7 {[%clk 0:50:11]} 25. Qd3
{[%clk 0:30:49]} Rg7 {[%clk 0:49:46]} 26. f4 {[%clk 0:29:38]} Kh8 {[%clk
0:49:11]} 27. Kh2 {[%clk 0:29:10]} Rfg8 {[%clk 0:48:43]} 28. Rg1 {[%clk
0:28:48]} g5 {[%clk 0:48:35]} 29. Bf1 {[%clk 0:28:35]} Nc8 {[%clk 0:47:23]} 30.
Rg2 {[%clk 0:26:32]} N8d6 {[%clk 0:47:04]} 31. Nd2 {[%clk 0:25:37]} Rg6 {[%clk
0:46:45]} 32. Nf3 {[%clk 0:23:05]} R8g7 {[%clk 0:46:24]} 33. Ne5 {[%clk
0:20:45]} Nxe5 {[%clk 0:46:09]} 34. dxe5 {[%clk 0:19:54]} Ne4 {[%clk 0:46:00]}
35. Be1 {[%clk 0:19:43]} g4 {[%clk 0:42:55]} 36. h4 {[%clk 0:19:28]} Rc7 {[%clk
0:42:33]} 37. Rxc7 {[%clk 0:19:15]} Qxc7 {[%clk 0:42:26]} 38. Rc2 {[%clk
0:19:11]} Qd8 {[%clk 0:41:44]} 39. Rc6 {[%clk 0:17:50]} Qa8 {[%clk 0:38:46]}
40. Qc2 {[%clk 0:15:23]} Qa7 {[%clk 0:37:28]} 41. Rxe6 {[%clk 0:11:09]} Rxe6
{[%clk 0:36:42]} 42. Qc8+ {[%clk 0:11:02]} Kg7 {[%clk 0:36:34]} 43. Qxe6 Qxe3
{[%clk 0:36:28]} 44. Qe7+ {[%clk 0:10:37]} Kg8 {[%clk 0:36:16]} 45. Qe6+ {[%clk
0:09:13]} Kg7 {[%clk 0:36:10]} 46. Qd7+ {[%clk 0:08:50]} Kg8 {[%clk 0:36:01]}
47. Qxd5+ {[%clk 0:08:39]} Kg7 {[%clk 0:35:50]} 1/2-1/2

[Event "DVM U10 2016"]
[Site "Magdeburg GER"]
[Date "2016.12.28"]
[Round "5"]
[White "Beck, Felix"]
[Black "Brinkschröder, Josh"]
[Result "1/2-1/2"]
[Termination "normal"]
[Board "1.4"]
[WhiteElo "1254"]
[BlackElo "1139"]
[WhiteClock "00:16:44"]
[BlackClock "00:23:07"]
[WhiteTeam "SF Nordost Berlin 1"]
[BlackTeam "Schachakademie Paderborn 1"]
[PlyCount "46"]
[WhiteFideId "16255364"]
[BlackFideId "16274903"]
[EventCountry "GER"]
[EventRounds "7"]
[EventType "team-swiss"]
[EventDate "2016.12.27"]

1. c4 {[%clk 0:59:59]} c5 {[%clk 0:59:48]} 2. g3 {[%clk 0:59:51]} g6 {[%clk
0:59:40]} 3. Bg2 {[%clk 0:59:43]} Bg7 {[%clk 0:59:31]} 4. Nc3 {[%clk 0:59:29]}
Nc6 {[%clk 0:59:24]} 5. e3 {[%clk 0:58:47]} e5 {[%clk 0:58:56]} 6. Nge2 {[%clk
0:58:26]} Nge7 {[%clk 0:58:50]} 7. d3 {[%clk 0:57:48]} O-O {[%clk 0:57:27]} 8.
O-O {[%clk 0:57:42]} d6 {[%clk 0:56:41]} 9. f4 {[%clk 0:56:33]} Be6 {[%clk
0:54:59]} 10. Qc2 {[%clk 0:53:04]} Qd7 {[%clk 0:52:56]} 11. b3 {[%clk 0:47:38]}
Bh3 {[%clk 0:51:26]} 12. Bb2 {[%clk 0:46:46]} Bxg2 {[%clk 0:47:34]} 13. Kxg2
{[%clk 0:46:38]} d5 {[%clk 0:46:03]} 14. e4 {[%clk 0:40:15]} d4 15. Nd5 {[%clk
0:38:17]} Nxd5 {[%clk 0:36:28]} 16. cxd5 {[%clk 0:37:45]} Nb4 {[%clk 0:35:34]}
17. Qd2 {[%clk 0:35:26]} f5 {[%clk 0:33:11]} 18. a3 {[%clk 0:33:17]} Na6 {[%clk
0:32:28]} 19. fxe5 {[%clk 0:29:28]} Bxe5 {[%clk 0:31:51]} 20. Nf4 {[%clk
0:27:06]} fxe4 {[%clk 0:28:12]} 21. dxe4 {[%clk 0:24:48]} Qg4 {[%clk 0:23:07]}
22. Rae1 {[%clk 0:16:44]} Rf7 23. Ne6 Raf8 1/2-1/2